Statistics for U.S. Greatest Foods Countdown 50-31 (No Vowels)

Click here to take the quiz!

General Stats

  • This quiz has been taken 56 times
    (47 since last reset)
  • The average score is 16 of 20

Answer Stats

RankNo VowelsDish% Correct
42Bnn SpltBanana Split
100%
44JrkyJerky
100%
41CrnbrdCornbread
98%
50Ky Lm PKey Lime Pie
95%
45TwnksTwinkies
95%
37Bkd HmBaked Ham
93%
38Bscts nd GrvyBiscuits and Gravy
93%
31Mcrn nd ChsMacaroni and Cheese
90%
48Srdgh BrdSourdough Bread
90%
36Chckn Frd StkChicken Fried Steak
85%
34Clfrn RllCalifornia Roll
83%
46Pt RstPot Roast
83%
49Ttr TtsTater Tots
80%
47Cbb SldCobb Salad
78%
32GrtsGrits
75%
35SlmnSalmon
75%
43FjtsFajitas
73%
33MtlfMeatloaf
63%
39JmblyJambalaya
53%
40GRPGORP
3%

Score Distribution

Percentile by Number Answered

Percent of People with Each Score

Your Score History

You have not taken this quiz since the last reset